000 00612nam a2200193 a 4500
001 000025487
005 20210906150015.0
008 110217s1991 dr a 000 0 spa d
040 _aDO-SdBNP
_bspa
_cBNPHU
082 _axxx
_bJ91r
100 1 _aCastillo Juan, Pedro,
_d1950-
_910799
245 1 0 _aReflexiones evangélicas /
_cPedro Juan Castillo.
260 _aSanto Domingo :
_bPublicaciones Castipayne,
_c1991.
300 _a117 p. :
_bil. ;
_c22 cm.
500 _aIncluye datos biográficos del autor
500 _aIncluye notas al pie de las páginas
504 _aBibliografía : p. 113-
049 _aBNPD
999 _c24979
_d24979